000 00635cam a2200205 a 4500
001 000018532
005 20200929165822.0
008 790725s1974 mx 000 0 spa
035 _a(DLC) 79360333
040 _aDO-SdBNP
_bspa
_cDLC
_dDLC
_dBNPHU
082 _aN861.44
_bC149c
100 1 _aCalero Orozco, Adolfo,
_d1899-1981.
_940069
245 1 0 _aCorrerias Líricas /
_cAdolfo Calero Orozco.
260 _aMéxico :
_bTradición,
_c1974.
300 _a112 p. ;
_c22 cm.
650 4 _aPoesía nicaragüense
_98179
650 4 _aLiteratura nicaragüense
_ySIGLO XX
_98729
910 _aCatalogación por derivada / LC
049 _aBNGR
999 _c18052
_d18052